| 000 | 00539nam a2200145Ia 4500 | ||
|---|---|---|---|
| 008 | 190813s9999 xx 000 0 und d | ||
| 020 | _a9781416625940 | ||
| 100 | _aGallagher, Alyssa. | ||
| 245 |
_cAlyssa Gallagher, Kami Thordarson.-- _aDesign thinking for school leaders : _bfive roles and mindsets that ignite positive change / |
||
| 260 |
_aVirginia : _bASCD _c2018 |
||
| 300 | _a209 pages. | ||
| 500 | _aIncludes bibliographic references and index. | ||
| 650 | _aEducational leadership. | ||
| 650 | _aSchool and mangement organization. | ||
| 999 |
_c362035 _d362035 |
||